[Event "SK Turm Emsdetten 2 - LSV Turm Lippstad"]
[Site "NRW-Klasse, Gruppe 1 2010/201"]
[Date "2010.10.24"]
[Round "2.5"]
[White "Fecke, Andreas"]
[Black "Kuipers, Stefan"]
[Result "1/2-1/2"]
[WhiteElo "2076"]
[BlackElo "2367"]
[PlyCount "130"]
[EventDate "2010.??.??"]

1. e4 c5 2. Nf3 Nc6 3. d3 g6 4. c3 Bg7 5. Be2 Nf6 6. O-O O-O 7. Re1 d5 8. Nbd2
Qc7 9. a4 a6 10. Qc2 Rb8 11. Nb3 c4 12. dxc4 dxe4 13. Nfd4 Nd8 14. Qd1 Ne6 15.
g3 Rd8 16. Be3 Nf8 17. Nd2 h5 18. Qc2 e5 19. N4b3 Bf5 20. a5 Qc6 21. Nc5 N8d7
22. Nxd7 Rxd7 23. Qa4 Qe6 24. Nb3 Rc7 25. Nc5 Qe7 26. b4 Ng4 27. Bf1 Nxe3 28.
Rxe3 Bh6 29. Re2 e3 30. fxe3 h4 31. gxh4 Qxh4 32. Qa2 Kg7 33. Qd2 Rd8 34. Qe1
Qe7 35. Bg2 Bg5 36. Bd5 Bh4 37. Qf1 Bg4 38. Rg2 Bc8 39. Qf3 Rd6 40. Ne4 Rd8 41.
Rf1 Be6 42. Bxe6 Qxe6 43. c5 Be7 44. Rgf2 f5 45. Ng3 Bh4 46. Rg2 Bxg3 47. Rxg3
Rf7 48. Qe2 e4 49. Kh1 Rf6 50. Rfg1 Qf7 51. c4 Rd3 52. Qb2 f4 53. exf4 Rxg3 54.
hxg3 Qxc4 55. Rd1 Qe6 56. Kg2 Qg4 57. Rd6 Qf3+ 58. Kh2 Kh6 59. Rxf6 Qh5+ 60.
Kg1 Qd1+ 61. Kf2 Qf3+ 62. Ke1 Qxg3+ 63. Kd1 Qf3+ 64. Kc1 Qf1+ 65. Kd2 Qf2+
1/2-1/2

[Event "SK Turm Emsdetten 2 - LSV Turm Lippstad"]
[Site "NRW-Klasse, Gruppe 1 2010/201"]
[Date "2010.10.24"]
[Round "2.6"]
[White "Smit, Erik"]
[Black "Roemhild, Marcus"]
[Result "1-0"]
[WhiteElo "2226"]
[BlackElo "2013"]
[PlyCount "101"]
[EventDate "2010.??.??"]

1. d4 Nf6 2. Nf3 e6 3. c4 Bb4+ 4. Nbd2 O-O 5. a3 Be7 6. e4 d6 7. Bd3 Nc6 8. b4
e5 9. d5 Nb8 10. Nb3 Ne8 11. c5 Nd7 12. c6 bxc6 13. dxc6 Ndf6 14. O-O g6 15.
Na5 Ng7 16. Qe2 Ne6 17. Rd1 Nh5 18. g3 Qe8 19. Bc4 Nd8 20. Bh6 Ng7 21. Kg2 Kh8
22. Rac1 f5 23. exf5 gxf5 24. Nxe5 dxe5 25. Bxg7+ Kxg7 26. Qxe5+ Bf6 27. Qxc7+
Kh8 28. Re1 Qh5 29. Qd6 Qh6 30. Bd5 Nf7 31. Bxf7 Rxf7 32. f4 Qf8 33. Qd5 Ba6
34. c7 Re8 35. Rxe8 Qxe8 36. c8=Q Bxc8 37. Rxc8 Qxc8 38. Qxf7 Qa8+ 39. Qb7 Qe8
40. Qxa7 Qe4+ 41. Kh3 h5 42. Qb8+ Kg7 43. Qb7+ Kg6 44. Qxe4 fxe4 45. g4 h4 46.
Nc4 Bd4 47. Kxh4 e3 48. Nxe3 Bxe3 49. Kg3 Bd2 50. b5 Ba5 51. Kf3 1-0

[Event "SK Turm Emsdetten 2 - LSV Turm Lippstad"]
[Site "NRW-Klasse, Gruppe 1 2010/201"]
[Date "2010.10.24"]
[Round "2.7"]
[White "Grobbel, Rainer"]
[Black "Schudro, Vasili"]
[Result "0-1"]
[WhiteElo "2085"]
[BlackElo "2138"]
[PlyCount "88"]
[EventDate "2010.??.??"]

1. d4 d5 2. c4 e6 3. Nc3 Nf6 4. Bg5 c6 5. e3 Nbd7 6. a3 Be7 7. Nf3 O-O 8. Qc2
Re8 9. Rc1 a6 10. Bd3 dxc4 11. Bxc4 Nd5 12. Bxe7 Qxe7 13. O-O Nxc3 14. Qxc3 e5
15. dxe5 Nxe5 16. Nxe5 Qxe5 17. Qxe5 Rxe5 18. Rfd1 Bf5 19. Rd6 Re7 20. Rcd1
Rae8 21. R1d4 Kf8 22. Kf1 h6 23. Ke2 f6 24. g3 Be6 25. Bxe6 Rxe6 26. Kd3 Rxd6
27. Rxd6 Ke7 28. Rd4 Rc8 29. e4 Rc7 30. f4 b5 31. e5 fxe5 32. fxe5 c5 33. Rd6
Rd7 34. Rxd7+ Kxd7 35. b3 Ke6 36. Ke4 a5 37. a4 bxa4 38. bxa4 h5 39. h3 g5 40.
h4 g4 41. Kf4 c4 42. Ke4 c3 43. Kd3 Kxe5 44. Kxc3 Ke4 0-1

[Event "SK Turm Emsdetten 2 - LSV Turm Lippstad"]
[Site "NRW-Klasse, Gruppe 1 2010/201"]
[Date "2010.10.24"]
[Round "2.8"]
[White "Topp, Michael"]
[Black "Chapman, Alan"]
[Result "1-0"]
[WhiteElo "1994"]
[BlackElo "1998"]
[PlyCount "57"]
[EventDate "2010.??.??"]

1. c4 e5 2. g3 d6 3. Bg2 c6 4. Nf3 f5 5. Nc3 Nf6 6. d3 Be7 7. c5 Na6 8. cxd6
Bxd6 9. O-O O-O 10. d4 e4 11. Ne5 Qe8 12. Bf4 Be6 13. f3 Rd8 14. fxe4 g5 15.
Bd2 Bxe5 16. dxe5 Ng4 17. exf5 Qh5 18. h3 Ne3 19. Bxe3 Rxd1 20. Raxd1 Bc8 21.
g4 Qe8 22. e6 Qe7 23. Ne4 h6 24. Rd2 Bxe6 25. fxe6 Rxf1+ 26. Kxf1 Qxe6 27. Rd8+
Kh7 28. Bd4 Qe7 29. Nf6+ 1-0

[Event "Brackweder SK 1 - SV Letmathe 1"]
[Site "NRW-Klasse, Gruppe 1 2010/201"]
[Date "2010.10.24"]
[Round "2.1"]
[White "Podzielny, Karl-Heinz"]
[Black "Malcher, Werner"]
[Result "1/2-1/2"]
[WhiteElo "2405"]
[BlackElo "2303"]
[PlyCount "80"]
[EventDate "2010.??.??"]

1. d4 Nf6 2. Nf3 e6 3. g3 c5 4. Bg2 Nc6 5. O-O d5 6. c4 Be7 7. cxd5 Nxd5 8. Nc3
O-O 9. e4 Nb6 10. dxc5 Bxc5 11. Qe2 e5 12. Rd1 Qf6 13. Nd5 Nxd5 14. exd5 Nd4
15. Nxd4 Bxd4 16. Be3 Bxe3 17. Qxe3 Qd6 18. Rac1 Bd7 19. Rc3 b6 20. h3 Rac8 21.
Rdc1 f5 22. f4 Rxc3 23. Rxc3 exf4 24. gxf4 Re8 25. Qd4 Re7 26. a3 h6 27. b4 g5
28. Qc4 Be8 29. Rg3 Kf7 30. Rd3 Rc7 31. Qd4 Rc1+ 32. Kh2 Bb5 33. Rf3 gxf4 34.
Qd2 Rc8 35. Kh1 Kf6 36. Rxf4 Re8 37. Rf2 Kg6 38. Bf3 Kh7 39. Rg2 Rg8 40. Rxg8
Kxg8 1/2-1/2

[Event "Brackweder SK 1 - SV Letmathe 1"]
[Site "NRW-Klasse, Gruppe 1 2010/201"]
[Date "2010.10.24"]
[Round "2.2"]
[White "Olyschlaeger, Richard"]
[Black "Adamski, Jan"]
[Result "0-1"]
[WhiteElo "1835"]
[BlackElo "2240"]
[PlyCount "62"]
[EventDate "2010.??.??"]

1. d4 Nf6 2. Bf4 c5 3. c3 b6 4. e3 e6 5. Nf3 Be7 6. Nbd2 O-O 7. Bd3 Ba6 8. Ne5
Bxd3 9. Nxd3 Nc6 10. Rb1 Rc8 11. O-O d6 12. h3 Qd7 13. Bh2 Rfd8 14. Qf3 Qb7 15.
b4 cxb4 16. cxb4 b5 17. Rfc1 Qa6 18. a4 Nd5 19. a5 Qb7 20. Qd1 Nb8 21. Qb3
Rxc1+ 22. Rxc1 Rc8 23. Rc2 Na6 24. Rxc8+ Qxc8 25. e4 Nf6 26. Bf4 d5 27. e5 Nd7
28. Be3 Ndb8 29. Nf4 Nxb4 30. Nh5 Qc2 31. Qa3 Qd1+ 0-1

[Event "Brackweder SK 1 - SV Letmathe 1"]
[Site "NRW-Klasse, Gruppe 1 2010/201"]
[Date "2010.10.24"]
[Round "2.3"]
[White "Soukup, Jiri"]
[Black "Ehrlich, Tim"]
[Result "1-0"]
[WhiteElo "2281"]
[BlackElo "1976"]
[PlyCount "77"]
[EventDate "2010.??.??"]

1. e4 c5 2. a3 g6 3. b4 Bg7 4. c3 d6 5. d4 cxd4 6. cxd4 Nc6 7. Be3 a6 8. Nc3
Nf6 9. f3 Bd7 10. Bd3 O-O 11. Nge2 Nh5 12. Bc4 Rc8 13. Bb3 Na7 14. Qd2 Nb5 15.
g4 Nxc3 16. Nxc3 Nf6 17. h4 h5 18. gxh5 Nxh5 19. Kf2 Be6 20. Bxe6 fxe6 21. Rhg1
Qe8 22. Raf1 Qf7 23. Ke1 e5 24. d5 Rc4 25. Rg4 Rfc8 26. Ne2 Rc2 27. Qd3 Nf4 28.
Bxf4 exf4 29. Rfg1 Kf8 30. Rxg6 Bc3+ 31. Kf1 Bf6 32. Nxf4 Rc1+ 33. Kg2 Rxg1+
34. Kxg1 Be5 35. Ne6+ Ke8 36. Rg4 Rc3 37. Qe2 Rxf3 38. Qxf3 Qxf3 39. Rg8+ 1-0

[Event "Brackweder SK 1 - SV Letmathe 1"]
[Site "NRW-Klasse, Gruppe 1 2010/201"]
[Date "2010.10.24"]
[Round "2.4"]
[White "Ruecker, Bastian"]
[Black "Pfleger, Sascha"]
[Result "0-1"]
[WhiteElo "1756"]
[BlackElo "2020"]
[PlyCount "102"]
[EventDate "2010.??.??"]

1. d4 Nf6 2. Bg5 c5 3. Bxf6 gxf6 4. d5 Qb6 5. Qc1 f5 6. g3 Bh6 7. e3 e5 8. c4
e4 9. Nc3 O-O 10. Qc2 d6 11. a3 Nd7 12. Nge2 Ne5 13. Nc1 Nf3+ 14. Kd1 Bd7 15.
Be2 Ne5 16. Kd2 a6 17. Nb3 Rfb8 18. Rhb1 Bg7 19. Kd1 Qd8 20. a4 b6 21. Nd2 Qg5
22. h4 Qg6 23. Kc1 Rb7 24. Ra3 Rc8 25. Rba1 Ng4 26. Bxg4 Qxg4 27. Qd1 Qg6 28.
Ndb1 Be5 29. Qe1 Qg7 30. R1a2 Rcb8 31. Kc2 h6 32. Rb3 Qf8 33. Qe2 Qe8 34. Raa3
Bg7 35. Qf1 Qe5 36. Ra2 Kh7 37. Qe2 Kg6 38. Qf1 Qe8 39. Qe2 b5 40. axb5 axb5
41. cxb5 Bxb5 42. Nxb5 Rxb5 43. Rxb5 Rxb5 44. Nc3 Rb8 45. g4 Qe5 46. gxf5+ Qxf5
47. Ra1 Bxc3 48. bxc3 Qxd5 49. c4 Qe5 50. Ra2 d5 51. cxd5 Qxd5 0-1

[Event "Brackweder SK 1 - SV Letmathe 1"]
[Site "NRW-Klasse, Gruppe 1 2010/201"]
[Date "2010.10.24"]
[Round "2.5"]
[White "Gruermann, Martin"]
[Black "Spisla, Dominik"]
[Result "1-0"]
[WhiteElo "2124"]
[BlackElo "1834"]
[Annotator ",Daniel"]
[PlyCount "79"]
[EventDate "2010.??.??"]

1. c4 e5 2. e3 Nc6 3. a3 a5 4. Nc3 g6 5. d4 d6 6. Nf3 Bg7 7. Be2 f5 8. dxe5
Nxe5 9. Qc2 Nf6 10. O-O O-O 11. b3 Ne4 12. Bb2 Nxc3 13. Bxc3 Qe7 14. Rad1 b6
15. Qd2 Bb7 16. Nxe5 Bxe5 17. Bxe5 Qxe5 18. Qd4 Rfe8 $11 19. Rd2 Re7 20. Rfd1
Rae8 21. Qxe5 Rxe5 22. Rd4 Kg7 23. Bf3 Be4 24. Bxe4 Rxe4 25. g3 Kf6 26. Kf1 g5
27. Ke2 f4 28. Rxe4 Rxe4 29. Kf3 Re5 30. exf4 gxf4 31. g4 h5 32. h3 Kg5 33. a4
Kh4 34. Kxf4 Re2 35. Kf3 Rb2 36. Rd3 Rb1 37. Kf4 Rg1 38. Rg3 Rf1 39. Kf3 Rb1
40. Kg2 1-0

[Event "Brackweder SK 1 - SV Letmathe 1"]
[Site "NRW-Klasse, Gruppe 1 2010/201"]
[Date "2010.10.24"]
[Round "2.6"]
[White "Bykovskij, Sergej"]
[Black "Haude, Ruediger"]
[Result "0-1"]
[WhiteElo "2045"]
[BlackElo "2080"]
[Annotator ",Daniel"]
[PlyCount "154"]
[EventDate "2010.??.??"]

1. d4 Nf6 2. Nf3 e6 3. Bf4 Be7 4. c3 b6 5. Nbd2 Bb7 6. Qc2 d6 7. e4 Nbd7 8. Bc4
d5 9. Bd3 dxe4 10. Nxe4 Rc8 11. Rd1 Nxe4 12. Bxe4 Bxe4 13. Qxe4 Nf6 14. Qc6+
Qd7 15. Ne5 Qxc6 16. Nxc6 Bd6 17. Bxd6 cxd6 18. Nxa7 Ra8 19. Nb5 Rxa2 20. Rb1
Kd7 21. Na3 Ra8 22. Nc2 Ne4 23. Nb4 R2a5 24. f3 Nf6 25. Kd2 Rg5 $11 26. g4 Rga5
27. h3 Ne8 28. Nd3 Rc8 29. Rhe1 Nf6 30. Nb4 h6 31. Re3 Rca8 32. Rbe1 Ra1 33. f4
d5 34. Nd3 Ne4+ 35. Kc2 Rxe1 36. Rxe1 f6 37. Rg1 g5 38. f5 exf5 39. gxf5 h5 40.
Nb4 Kd6 41. Re1 b5 42. b3 Rc8 43. Re3 g4 44. Nd3 Rxc3+ 45. Kb2 g3 46. Rxg3
Rxb3+ 47. Kxb3 Nxg3 48. Nf4 h4 49. Ng6 Nxf5 50. Kc3 Kc6 51. Nf4 Nd6 52. Ng2
Ne4+ 53. Kb4 Nf2 54. Nf4 Ne4 55. Nd3 Ng3 56. Nf4 Nf5 57. Ne2 Kb6 58. Nc3 Ne3
59. Ne2 f5 60. Nf4 Kc6 61. Ng6 Ng2 62. Ne7+ Kd6 63. Nxf5+ Ke6 64. Ng7+ Kf7 65.
Nf5 Kf6 66. Nd6 Nf4 67. Nxb5 Nxh3 68. Nc3 Nf4 69. Nd1 h3 70. Nf2 Ke6 71. Kc5 h2
72. Kc6 Kf5 73. Kd6 Nd3 74. Nh1 Ke4 75. Ke6 Nf4+ 76. Kf6 Kf3 77. Kf5 Kg2 0-1

[Event "Brackweder SK 1 - SV Letmathe 1"]
[Site "NRW-Klasse, Gruppe 1 2010/201"]
[Date "2010.10.24"]
[Round "2.7"]
[White "Weyrauch, Erich"]
[Black "Willenberg, Max"]
[Result "1/2-1/2"]
[WhiteElo "2005"]
[BlackElo "1974"]
[PlyCount "106"]
[EventDate "2010.??.??"]

1. d4 d5 2. c4 c6 3. Nc3 dxc4 4. e4 b5 5. Nf3 Nf6 6. e5 Nd5 7. a4 e6 8. Bd2 Bb7
9. Be2 Be7 10. O-O O-O 11. Qc2 a6 12. Ne4 h6 13. Rfe1 Nd7 14. Rad1 Re8 15. Bf1
a5 16. Qc1 f5 17. exf6 N5xf6 18. Ne5 Nxe4 19. Rxe4 Nf6 20. Re3 Bb4 21. Bc3 Bxc3
22. bxc3 Nd5 23. Rg3 Qf6 24. Nd7 Qf7 25. Nc5 Rf8 26. Qd2 Bc8 27. Rf3 Qe7 28.
Rxf8+ Qxf8 29. Re1 Qf7 30. Qb2 Bd7 31. g3 Kh8 32. Bh3 Re8 33. f4 b4 34. cxb4
axb4 35. a5 c3 36. Qb3 g5 37. fxg5 hxg5 38. Rf1 Qg7 39. Qd1 Qh7 40. Qe2 Qg7 41.
Nxd7 Qxd4+ 42. Rf2 g4 43. Bxg4 Ne3 44. Bxe6 Qd1+ 45. Qxd1 Nxd1 46. Bb3 Nxf2 47.
Kxf2 Rd8 48. Nc5 c2 49. Bxc2 Rd2+ 50. Ke3 Rxc2 51. Kd4 Rxh2 52. Kc4 Rb2 53. Nd3
Rg2 1/2-1/2

[Event "Brackweder SK 1 - SV Letmathe 1"]
[Site "NRW-Klasse, Gruppe 1 2010/201"]
[Date "2010.10.24"]
[Round "2.8"]
[White "Stephan, Gunther"]
[Black "Hunold, Rolf"]
[Result "0-1"]
[WhiteElo "1952"]
[BlackElo "1968"]
[PlyCount "52"]
[EventDate "2010.??.??"]

1. d4 Nf6 2. Nf3 b6 3. Nbd2 Bb7 4. e3 e6 5. Bd3 d6 6. e4 Nbd7 7. c3 e5 8. O-O
g6 9. Re1 Bg7 10. Nc4 Qe7 11. Bg5 h6 12. Bxf6 Bxf6 13. dxe5 dxe5 14. Ne3 c6 15.
b4 a6 16. a4 O-O 17. Qb3 Rfd8 18. Bc4 b5 19. axb5 axb5 20. Bf1 Nb6 21. c4 Qe8
22. Ng4 Bg7 23. Rxa8 Nxa8 24. c5 Bc8 25. Rd1 Rxd1 26. Qxd1 Bxg4 0-1

[Event "SV Würselen 1 - SG Solingen 3"]
[Site "NRW-Klasse, Gruppe 1 2010/201"]
[Date "2010.10.24"]
[Round "2.1"]
[White "Berg, Michael"]
[Black "Budde, Vladimir"]
[Result "1-0"]
[WhiteElo "2290"]
[BlackElo "2267"]
[PlyCount "71"]
[EventDate "2010.??.??"]

1. d4 Nf6 2. c4 c5 3. d5 a6 4. Nc3 e5 5. e4 d6 6. Nf3 Be7 7. Be2 Nbd7 8. O-O
O-O 9. Ne1 Ne8 10. Nd3 g6 11. a4 Ng7 12. f4 exf4 13. Bxf4 f6 14. Qd2 Rf7 15. a5
Rb8 16. Na4 Qc7 17. Qc3 Rf8 18. Bh6 b5 19. axb6 Nxb6 20. Nf4 Nxa4 21. Rxa4 Qb6
22. Qg3 Rf7 23. Nxg6 hxg6 24. Qxg6 Bd7 25. Ra3 f5 26. Rh3 Bf6 27. Bf4 Bd4+ 28.
Kh1 Bf6 29. b3 Be8 30. Rh7 Qd8 31. Qh6 Kf8 32. Bh5 Ke7 33. Bxf7 Bxf7 34. Bg5
Ne8 35. Qg6 Kd7 36. Rxf7+ 1-0

[Event "SV Würselen 1 - SG Solingen 3"]
[Site "NRW-Klasse, Gruppe 1 2010/201"]
[Date "2010.10.24"]
[Round "2.2"]
[White "Cekro, Ekrem"]
[Black "Balduan, Markus"]
[Result "1/2-1/2"]
[WhiteElo "2371"]
[BlackElo "2229"]
[PlyCount "72"]
[EventDate "2010.??.??"]

1. c4 e6 2. Nf3 d5 3. b3 Nf6 4. g3 c5 5. Bg2 Nc6 6. O-O d4 7. e3 e5 8. exd4
exd4 9. d3 Be7 10. Na3 O-O 11. Nc2 Bf5 12. h3 h6 13. Nh4 Bh7 14. f4 Ne8 15. Nf3
Qd7 16. Qe2 Nd6 17. Ne5 Nxe5 18. fxe5 Nf5 19. Qf2 Bg5 20. Bxg5 hxg5 21. Be4 Ne7
22. Bxh7+ Kxh7 23. Qf3 Qxh3 24. Rf2 Kg8 25. Rh2 Qe6 26. Qh5 Qh6 27. Qg4 Qg6 28.
Rf1 f5 29. exf6 Rxf6 30. Rxf6 Qxf6 31. Qe4 g6 32. Rf2 Qd6 33. Qxb7 Rf8 34.
Rxf8+ Kxf8 35. Qf3+ Kg7 36. g4 Qf4 1/2-1/2

[Event "SV Würselen 1 - SG Solingen 3"]
[Site "NRW-Klasse, Gruppe 1 2010/201"]
[Date "2010.10.24"]
[Round "2.3"]
[White "Auer, Martin"]
[Black "Goossens, Etienne"]
[Result "1/2-1/2"]
[WhiteElo "2236"]
[BlackElo "2214"]
[PlyCount "85"]
[EventDate "2010.??.??"]

1. d4 e6 2. e4 d5 3. Nc3 Bb4 4. e5 Ne7 5. a3 Bxc3+ 6. bxc3 b6 7. Nf3 Ba6 8.
Bxa6 Nxa6 9. Qe2 Nb8 10. O-O Nbc6 11. a4 Na5 12. Nd2 Nf5 13. Ba3 Qd7 14. Bb4
Nc6 15. Nf3 Nxb4 16. cxb4 O-O 17. a5 c5 18. dxc5 bxc5 19. b5 Rfb8 20. Rab1 Rb7
21. Rb2 Rab8 22. Rfb1 Qd8 23. Qd2 h6 24. Qc3 Nd4 25. Nxd4 cxd4 26. Qa3 Qc7 27.
f4 Qc4 28. Qd3 Qa4 29. a6 Rc7 30. Rb4 Qxc2 31. Qxd4 Rb6 32. h3 Rc4 33. Qb2 Qxb2
34. R1xb2 Kh7 35. Kf2 g5 36. fxg5 hxg5 37. Rxc4 dxc4 38. Ke3 c3 39. Rb4 c2 40.
Kd2 Kg6 41. g4 f6 42. exf6 Kxf6 43. Kxc2 1/2-1/2

[Event "SV Würselen 1 - SG Solingen 3"]
[Site "NRW-Klasse, Gruppe 1 2010/201"]
[Date "2010.10.24"]
[Round "2.4"]
[White "Bogoevski, Jani"]
[Black "Hubert, Ralf"]
[Result "0-1"]
[WhiteElo "2158"]
[BlackElo "2219"]
[PlyCount "80"]
[EventDate "2010.??.??"]

1. d4 Nf6 2. Nf3 g6 3. c4 Bg7 4. Nc3 O-O 5. e4 d6 6. h3 c5 7. d5 b5 8. Qc2 e6
9. dxe6 fxe6 10. cxb5 d5 11. Bg5 Qa5 12. Bd2 Qc7 13. Be2 Bb7 14. exd5 exd5 15.
O-O Nbd7 16. Rac1 Rae8 17. Rfe1 Qd6 18. Bf1 Rxe1 19. Rxe1 d4 20. Nd1 Bxf3 21.
gxf3 Kh8 22. b4 Ne5 23. Bg2 c4 24. f4 Nd3 25. Re2 Rc8 26. Bc6 Nh5 27. Qxc4
Ndxf4 28. Re4 Nxh3+ 29. Kf1 Rf8 30. Ke1 Qh2 31. Rh4 Rxf2 32. Nxf2 Qxf2+ 33. Kd1
Qxh4 34. Qf7 h6 35. Qxg6 Nf6 36. Kc2 Nf2 37. Be1 Qf4 38. Bd2 d3+ 39. Kc3 N2e4+
40. Bxe4 Nxe4+ 0-1

[Event "SV Würselen 1 - SG Solingen 3"]
[Site "NRW-Klasse, Gruppe 1 2010/201"]
[Date "2010.10.24"]
[Round "2.5"]
[White "Hobusch, Alexander"]
[Black "Andok, Claus Michael"]
[Result "1/2-1/2"]
[WhiteElo "2170"]
[BlackElo "2082"]
[Annotator ",Daniel"]
[PlyCount "45"]
[EventDate "2010.??.??"]

1. d4 g6 2. c4 Bg7 3. Nc3 d6 4. e4 Nc6 5. Be3 e5 6. d5 Nce7 7. c5 f5 8. cxd6
cxd6 9. Qa4+ Kf8 10. Bd3 Nf6 11. f3 Neg8 12. exf5 Bxf5 13. Bxf5 gxf5 14. Nge2
Bh6 15. Bxh6+ Nxh6 16. Qh4 Nf7 17. f4 Ng4 $11 18. Qxd8+ Rxd8 19. O-O Rg8 20.
Ng3 Ne3 21. Rf2 Nh6 22. Rf3 Nc2 23. Rd1 1/2-1/2

[Event "SV Würselen 1 - SG Solingen 3"]
[Site "NRW-Klasse, Gruppe 1 2010/201"]
[Date "2010.10.24"]
[Round "2.6"]
[White "Heinichen, Nils"]
[Black "Schockenbaeumer, Dirk"]
[Result "1/2-1/2"]
[WhiteElo "2034"]
[BlackElo "2109"]
[PlyCount "40"]
[EventDate "2010.??.??"]

1. d4 Nf6 2. Nf3 g6 3. c4 Bg7 4. Nc3 d5 5. cxd5 Nxd5 6. e4 Nxc3 7. bxc3 O-O 8.
Bd3 c5 9. Be3 Nc6 10. e5 cxd4 11. cxd4 Qa5+ 12. Qd2 Qxd2+ 13. Kxd2 Rd8 14. Rab1
Bg4 15. Rxb7 Bxf3 16. gxf3 Nxd4 17. f4 Nf3+ 18. Ke2 Nd4+ 19. Kd2 Nf3+ 20. Ke2
Nd4+ 1/2-1/2

[Event "SV Würselen 1 - SG Solingen 3"]
[Site "NRW-Klasse, Gruppe 1 2010/201"]
[Date "2010.10.24"]
[Round "2.7"]
[White "Fichtner, Ewald"]
[Black "Vossen, Peter"]
[Result "0-1"]
[WhiteElo "1978"]
[BlackElo "1978"]
[Annotator ",Daniel"]
[PlyCount "86"]
[EventDate "2010.??.??"]

1. d4 d5 2. Bf4 Nf6 3. e3 Bg4 4. f3 Bf5 5. c4 c6 6. Nc3 e6 7. Qb3 b6 8. g4 Bg6
9. h4 h6 10. Nh3 Bd6 11. Be2 dxc4 12. Bxc4 Nd5 13. Bxd6 Qxd6 14. Kf2 Nd7 15.
Ne2 O-O 16. Nhf4 Nxf4 17. Nxf4 e5 18. Nxg6 Qxg6 19. Rad1 exd4 20. Rxd4 Ne5 21.
Be2 Rad8 $11 22. Rhd1 Qf6 23. h5 Rxd4 24. Rxd4 Rd8 25. Qd1 Nxg4+ 26. Kg3 Rxd4
27. exd4 Ne3 28. Qa4 Nf5+ 29. Kg2 Nxd4 30. Bd1 a5 31. b4 Qg5+ 32. Kf1 Qd2 33.
bxa5 bxa5 34. Kg1 Kh8 35. f4 f5 36. Kh1 Kh7 37. Kg1 g6 38. hxg6+ Kxg6 39. Kh1
h5 40. Bb3 Qe1+ 41. Kg2 Qe2+ 42. Kh1 Qf1+ 43. Kh2 Nf3+ 0-1

[Event "SV Würselen 1 - SG Solingen 3"]
[Site "NRW-Klasse, Gruppe 1 2010/201"]
[Date "2010.10.24"]
[Round "2.8"]
[White "Masic, Almir"]
[Black "Goerke, Joachim"]
[Result "1/2-1/2"]
[WhiteElo "2000"]
[BlackElo "2041"]
[Annotator ",Daniel"]
[PlyCount "84"]
[EventDate "2010.??.??"]

1. c4 e6 2. g3 d5 3. Bg2 c5 4. Nf3 Nc6 5. cxd5 exd5 6. d4 Nf6 7. O-O Be7 8.
dxc5 Bxc5 9. Bg5 O-O 10. Nc3 d4 11. Ne4 Be7 12. Nxf6+ Bxf6 13. Bxf6 Qxf6 14.
Ne1 Re8 15. Nd3 Bf5 16. Re1 Be4 17. Qd2 Bxg2 18. Kxg2 Qf5 19. Nb4 $11 Qa5 20.
a3 Nxb4 21. Qxb4 Qd5+ 22. Kg1 a5 23. Qd2 a4 24. Rad1 Rad8 25. Qd3 g6 26. Rd2
Re6 27. Red1 Red6 28. Rc1 b5 29. Rdc2 Rb6 30. Rc5 Qd7 31. Rc7 Qd5 32. R1c5 Qd6
33. Qf3 Qe6 34. R7c6 Rxc6 35. Rxc6 Qd7 36. Qf6 d3 37. exd3 Qxd3 38. Rc7 Qd1+
39. Kg2 Qd5+ 40. Kg1 Qd1+ 41. Kg2 Qd5+ 42. Kg1 Qd1+ 1/2-1/2

[Event "SV Letmathe 1 - SK Turm Emsdetten 2"]
[Site "NRW-Klasse, Gruppe 1 2010/201"]
[Date "2010.11.28"]
[Round "3.1"]
[White "Pruijssers, Roeland"]
[Black "Podzielny, Karl-Heinz"]
[Result "0-1"]
[WhiteElo "2516"]
[BlackElo "2405"]
[PlyCount "76"]
[EventDate "2010.??.??"]

1. e4 c5 2. Nf3 e6 3. d4 cxd4 4. Nxd4 a6 5. Bd3 Nf6 6. O-O Qc7 7. Qe2 d6 8. c4
Be7 9. Nc3 Nc6 10. Nxc6 bxc6 11. f4 Nd7 12. Kh1 Bf6 13. Bd2 c5 14. e5 dxe5 15.
fxe5 Bxe5 16. Qf3 O-O 17. Ne4 Rb8 18. Ng5 Nf6 19. Rae1 h6 20. Ne4 Nd7 21. Bxh6
gxh6 22. Qg4+ Bg7 23. Rf6 Qe5 24. Rxh6 f5 25. Qg6 Rf7 26. Re3 fxe4 27. Rxe4 Qf6
28. Qh7+ Kf8 29. Rxf6 Nxf6 30. Qg6 Nxe4 31. Qxe4 Bb7 32. Qg6 Rd8 33. h4 Rd4 34.
Qg3 Rff4 35. h5 Be5 36. Qg6 Rh4+ 37. Kg1 Rdg4 38. Qh6+ Bg7 0-1

[Event "SV Letmathe 1 - SK Turm Emsdetten 2"]
[Site "NRW-Klasse, Gruppe 1 2010/201"]
[Date "2010.11.28"]
[Round "3.2"]
[White "Oswald, Hans-Joachim"]
[Black "Fiebig, Thomas"]
[Result "1/2-1/2"]
[WhiteElo "2262"]
[BlackElo "2458"]
[Annotator ",Daniel"]
[PlyCount "77"]
[EventDate "2010.??.??"]

1. Nf3 d5 2. d4 Nf6 3. Bg5 Ne4 4. Bf4 c5 5. c3 Nc6 6. e3 Qb6 7. Qb3 c4 8. Qxb6
axb6 9. Nbd2 Nf6 10. a3 b5 11. Rc1 h6 12. h3 Bf5 13. g4 Bh7 14. Bg2 e6 15. O-O
Be7 16. Rfe1 O-O 17. Ne5 Rfd8 18. e4 Kf8 19. Re2 dxe4 20. Nxe4 Nxe4 21. Bxe4
Bxe4 22. Rxe4 Rd5 23. Rce1 Bf6 24. Kg2 Ke7 25. Bg3 Kf8 26. f4 Ne7 27. Nf3 g6
28. Nh2 Rd7 29. Nf1 Nd5 30. Ne3 Nxe3+ 31. R4xe3 $11 Rd5 32. Rf3 Kg7 33. Ref1
Re8 34. Re1 Red8 35. Re2 R8d7 36. Ref2 Re7 37. Rf1 Re8 38. R1f2 Re7 39. Rf1
1/2-1/2

[Event "SV Letmathe 1 - SK Turm Emsdetten 2"]
[Site "NRW-Klasse, Gruppe 1 2010/201"]
[Date "2010.11.28"]
[Round "3.3"]
[White "Kabatianski, Alexander"]
[Black "Pfleger, Sascha"]
[Result "1-0"]
[WhiteElo "2397"]
[BlackElo "2020"]
[PlyCount "65"]
[EventDate "2010.??.??"]

1. d4 Nf6 2. c4 c5 3. Nf3 cxd4 4. Nxd4 b6 5. Nc3 Bb7 6. f3 a6 7. e4 d6 8. Be2
Nbd7 9. O-O e6 10. Be3 Be7 11. Rc1 O-O 12. Qd2 Rc8 13. Rfd1 Qc7 14. b4 Qb8 15.
Nb3 Rfe8 16. Kh1 d5 17. cxd5 Bxb4 18. dxe6 Rxe6 19. Nd4 Rxe4 20. fxe4 Nxe4 21.
Nxe4 Bxd2 22. Nxd2 Re8 23. Rc3 Nf6 24. Bg1 Rxe2 25. Nxe2 Qa8 26. Nf3 g5 27.
Rcd3 Qf8 28. Rd8 Ne8 29. Nxg5 Qe7 30. Nf4 Qxg5 31. Rxe8+ Kg7 32. Bd4+ Kh6 33.
Be3 1-0

[Event "SV Letmathe 1 - SK Turm Emsdetten 2"]
[Site "NRW-Klasse, Gruppe 1 2010/201"]
[Date "2010.11.28"]
[Round "3.4"]
[White "Gruermann, Martin"]
[Black "Richter, Christian"]
[Result "1-0"]
[WhiteElo "2124"]
[BlackElo "2334"]
[PlyCount "75"]
[EventDate "2010.??.??"]

1. d4 Nf6 2. Nc3 d5 3. Bg5 Nbd7 4. Nf3 c6 5. e3 Qa5 6. Qd2 e6 7. Bxf6 Nxf6 8.
Ne4 Bb4 9. Nxf6+ gxf6 10. c3 Bd6 11. g3 b5 12. Bg2 Bb7 13. O-O Kf8 14. Qc2 Qc7
15. a4 Kg7 16. e4 c5 17. exd5 Bxd5 18. axb5 Qb7 19. dxc5 Bxc5 20. Qe2 Qc7 21.
Nd2 Rad8 22. Bxd5 Rxd5 23. c4 Rd4 24. Nb3 Rxc4 25. Rfc1 Bxf2+ 26. Kxf2 Qb6+ 27.
Qe3 Qxb5 28. Rxc4 Qxc4 29. Qc3 Qe4 30. Re1 Qd5 31. Qf3 Qb5 32. Qg4+ Kh6 33. Qd4
Kg7 34. Nc5 Rc8 35. Rc1 Rd8 36. Nxe6+ fxe6 37. Rc7+ Kg6 38. Qxd8 1-0

[Event "SV Letmathe 1 - SK Turm Emsdetten 2"]
[Site "NRW-Klasse, Gruppe 1 2010/201"]
[Date "2010.11.28"]
[Round "3.5"]
[White "Kuipers, Stefan"]
[Black "Haude, Ruediger"]
[Result "1-0"]
[WhiteElo "2367"]
[BlackElo "2080"]
[PlyCount "51"]
[EventDate "2010.??.??"]

1. e4 c5 2. Nf3 e6 3. d4 cxd4 4. Nxd4 a6 5. Bd3 Nc6 6. Nxc6 dxc6 7. O-O Qc7 8.
Qe2 e5 9. Nd2 Be6 10. a4 Nf6 11. Nc4 Bxc4 12. Bxc4 Bd6 13. Bg5 Qe7 14. f4 O-O
15. Rae1 Rae8 16. f5 b5 17. Bb3 Qa7+ 18. Kh1 Be7 19. axb5 axb5 20. g4 Kh8 21.
Bc1 Nd7 22. g5 g6 23. f6 Bc5 24. Rf3 Bb6 25. Rh3 Nc5 26. Qg4 1-0

[Event "SV Letmathe 1 - SK Turm Emsdetten 2"]
[Site "NRW-Klasse, Gruppe 1 2010/201"]
[Date "2010.11.28"]
[Round "3.6"]
[White "Weyrauch, Erich"]
[Black "Bosman, Michiel"]
[Result "0-1"]
[WhiteElo "2005"]
[BlackElo "2325"]
[PlyCount "70"]
[EventDate "2010.??.??"]

1. d4 e6 2. c4 Bb4+ 3. Nc3 Nf6 4. Qc2 O-O 5. Nf3 d6 6. e3 Qe7 7. Be2 b6 8. O-O
Bxc3 9. Qxc3 c5 10. b3 Bb7 11. Bb2 Ne4 12. Qc2 f5 13. Rad1 Nd7 14. Ne1 Ndf6 15.
f3 Ng5 16. Bd3 Rae8 17. Qf2 g6 18. Bb1 e5 19. d5 Nh5 20. h4 Nf7 21. f4 Nh6 22.
g3 exf4 23. exf4 Ng4 24. Qf3 Qe3+ 25. Qxe3 Nxe3 26. Rd3 Nxf1 27. Kxf1 Re7 28.
Bc3 Rfe8 29. Bc2 Re3 30. Kf2 Re2+ 31. Kf1 R8e3 32. Rxe3 Rxe3 33. Bd2 Nxg3+ 34.
Kg1 Re2 35. Nf3 Ne4 0-1